000 00403cam a2200181ua 4500
001 17420
008 060101n II |||gr||||Z||||||asm
040 _aMAIN
041 _aEnglish
082 _a200
100 _aSAIKIA. DIMBESWAR.
245 _aBEDANTA BAKYA SUTRA
250 _a1ST.
260 _aGOLAGHAT:
_bMOHESWAR NEOG,
_c2010.
300 _a322:
_c21CM.
653 _aReligion
942 _cBK
999 _c17303
_d17303